000 00696nam a22001817a 4500
003 BD-DhUL
005 20170618115656.0
008 170618s1975 ii |||| |||| 000 0 ben d
040 _aBD-DhUL
_cBD-DhUL
082 _a822.3308
_bRIS
100 1 _aরীণা ঘোষ
245 1 0 _aশেক্সপীয়র-অনুবাদ ও অনুবাদ সমস্যা /
_cরীণা ঘোষ
260 _aকলিকাতা :
_bসংস্কৃত পুস্তক ভান্ডার,
_c১৯৭৫।
300 _a২৩৫ পৃ. ;
_c২২ সেমি.
650 0 _aইংরেজী সাহিত্য।
650 0 _aEnglish Literature.
942 _2ddc
_cBK
999 _c209317
_d209317